Statistics for Wales rugby union matches (2020 - …).

Click here to take the quiz!

General Stats

  • This quiz has been taken 102 times
    (28 since last reset)
  • The average score is 13 of 13

Answer Stats

Opponents% Correct
3Australia
100%
9England
100%
2Fiji
100%
6France
100%
3Georgia
100%
6Ireland
100%
5Italy
100%
2New Zealand
100%
1Portugal
100%
5Scotland
100%
5South Africa
100%
4Argentina
96%
1Canada
67%

Score Distribution

Percentile by Number Answered

Percent of People with Each Score

Your Score History

You have not taken this quiz since the last reset